[Event "Samara Polugaevsky Memorial 9th"]
[Site "Samara"]
[Date "2019.07.17"]
[Round "8"]
[White "Demianjuk, Alexander"]
[Black "Goganov, Aleksey"]
[Result "0-1"]
[WhiteElo "2323"]
[BlackElo "2561"]
[PlyCount "84"]
[EventDate "2019.07.10"]
[EventType "swiss"]
[EventRounds "9"]
[EventCountry "RUS"]
[SourceTitle "EXT 2020"]
[Source "ChessBase"]
[SourceDate "2019.10.17"]
[SourceVersion "1"]
[SourceVersionDate "2019.10.17"]
[SourceQuality "1"]

1. e4 e5 2. Nf3 Nc6 3. Bb5 g6 4. d4 exd4 5. Bg5 Be7 6. Bxe7 Qxe7 7. Bxc6 dxc6 8. Qxd4 Nf6 9. 0-0 c5 10. Qe3 b6 11. c4 Bb7 12. Nc3 0-0-0 13. Rfe1 Rhe8 14. e5 Nh5 15. Ne4 Qe6 16. b3 Qf5 17. h3 Nf4 18. Ng3 Nxh3+ 19. Kh2 Qg4 20. gxh3 Qxf3 21. Qxf3 Bxf3 22. Re3 Bc6 23. Nf1 Rd4 24. Kg3 h5 25. Rae1 h4+ 26. Kh2 Rf4 27. Kg1 Bd7 28. Nd2 Bf5 29. Nb1 Rd4 30. Nc3 Rd2 31. R1e2 Rxe2 32. Nxe2 Rd8 33. Nc3 Rd2 34. Kg2 Kd7 35. Re2 Rxe2 36. Nxe2 g5 37. f4 gxf4 38. Nxf4 Bb1 39. a3 Ba2 40. b4 cxb4 41. axb4 Bxc4 42. Kf3 Be6 0-1

[Event "Voronezh op-A 23rd"]
[Site "Voronezh"]
[Date "2019.06.21"]
[Round "9"]
[White "Samadov, Read"]
[Black "Demianjuk, Alexander"]
[Result "0-1"]
[WhiteElo "2191"]
[BlackElo "2338"]
[PlyCount "144"]
[EventDate "2019.06.12"]
[EventType "swiss"]
[EventRounds "9"]
[EventCountry "RUS"]
[SourceTitle "EXT 2020"]
[Source "ChessBase"]
[SourceDate "2019.10.17"]
[SourceVersion "1"]
[SourceVersionDate "2019.10.17"]
[SourceQuality "1"]

1. d4 Nf6 2. c4 e6 3. g3 c5 4. Nf3 cxd4 5. Nxd4 Nc6 6. Bg2 Qb6 7. Nc2 d5 8. cxd5 Nxd5 9. 0-0 Bc5 10. e4 Ndb4 11. Nxb4 Qxb4 12. Bd2 Qb6 13. Nc3 Bd4 14. Rb1 0-0 15. b4 Rd8 16. Qe2 Bxc3 17. Bxc3 e5 18. a4 Nd4 19. Qh5 Be6 20. Bxd4 exd4 21. a5 Qa6 22. Rfd1 Bc4 23. Qc5 b6 24. Qe5 Qb5 25. Qf4 Be2 26. Rd2 d3 27. e5 Rac8 28. axb6 axb6 29. Be4 g6 30. h4 Re8 31. Re1 Qxb4 32. Bxd3 Qxf4 33. gxf4 Bxd3 34. Rxd3 Rc4 35. Rf3 b5 36. h5 gxh5 37. f5 Kg7 38. e6 Kf6 39. Rfe3 Rc5 40. exf7 Rec8 41. Re8 Kxf7 42. R1e7+ Kf6 43. Rxc8 Rxc8 44. Rxh7 Rg8+ 45. Kf1 Rg5 46. Ke2 Rxf5 47. Ke3 Kg6 48. Rh8 Kg7 49. Rb8 h4 50. f4 Rh5 51. Kf2 h3 52. Kg1 h2+ 53. Kh1 Kf6 54. f5 Rxf5 55. Kxh2 Ke6 56. Kg3 Kd6 57. Kg4 Rd5 58. Kf4 Kc5 59. Ke3 Kc4 60. Rc8+ Kb3 61. Ke2 b4 62. Rb8 Kc3 63. Rc8+ Kb2 64. Rb8 b3 65. Ke1 Kc2 66. Rc8+ Kb1 67. Rb8 b2 68. Ke2 Kc2 69. Rc8+ Kb3 70. Rb8+ Kc3 71. Rb7 Rd4 72. Ke3 Rb4 0-1

[Event "Voronezh op-A 23rd"]
[Site "Voronezh"]
[Date "2019.06.14"]
[Round "3"]
[White "Pogorelskikh, Sofia"]
[Black "Demianjuk, Alexander"]
[Result "1/2-1/2"]
[WhiteElo "2118"]
[BlackElo "2338"]
[PlyCount "88"]
[EventDate "2019.06.12"]
[EventType "swiss"]
[EventRounds "9"]
[EventCountry "RUS"]
[SourceTitle "EXT 2020"]
[Source "ChessBase"]
[SourceDate "2019.10.17"]
[SourceVersion "1"]
[SourceVersionDate "2019.10.17"]
[SourceQuality "1"]

1. e4 c5 2. Nf3 e6 3. d4 cxd4 4. Nxd4 a6 5. Bd3 Bc5 6. Nb3 Be7 7. Qg4 g6 8. Qe2 d6 9. 0-0 Nd7 10. a4 Ne5 11. a5 Nf6 12. Bh6 Nfg4 13. Bd2 0-0 14. Na3 Nxd3 15. cxd3 e5 16. Nc4 Be6 17. d4 Nf6 18. Rfc1 Nxe4 19. Bh6 Bxc4 20. Qxc4 Re8 21. dxe5 Bg5 22. Bxg5 Nxg5 23. exd6 Qxd6 24. Nc5 Re7 25. h4 Ne6 26. Nxe6 Rxe6 27. g3 Rae8 28. Rd1 Qe5 29. Qd5 Qxb2 30. Rab1 Qf6 31. Rxb7 Re2 32. Rf1 R2e5 33. Qd7 Qf3 34. Rbb1 Kg7 35. Qd4 Kg8 36. Ra1 h5 37. Qd6 R8e6 38. Qa3 Qf5 39. Kg2 Rf6 40. Qc3 Rc5 41. Qd4 Rd5 42. Qc3 Rd3 43. Qb2 Qf3+ 44. Kg1 Rfd6 1/2-1/2

[Event "Voronezh op-A 23rd"]
[Site "Voronezh"]
[Date "2019.06.13"]
[Round "2"]
[White "Demianjuk, Alexander"]
[Black "Rios Gomez, Cristhian Camilo"]
[Result "0-1"]
[WhiteElo "2338"]
[BlackElo "2513"]
[PlyCount "68"]
[EventDate "2019.06.12"]
[EventType "swiss"]
[EventRounds "9"]
[EventCountry "RUS"]
[SourceTitle "CBM 191 Extra"]
[Source "ChessBase"]
[SourceDate "2019.09.30"]
[SourceVersion "1"]
[SourceVersionDate "2019.09.30"]
[SourceQuality "1"]

1. d4 Nf6 2. c4 e6 3. Nf3 d5 4. Bg5 Bb4+ 5. Nc3 h6 6. Bxf6 Qxf6 7. Qb3 c5 8. dxc5 Nc6 9. e3 0-0 10. Be2 dxc4 11. Qxc4 b6 12. cxb6 Ba6 13. Qb3 Bxe2 14. Kxe2 Rab8 15. bxa7 Nxa7 16. Rhc1 Qg6 17. Kf1 Qh5 18. Qa4 Nc8 19. Ne2 Bd6 20. b3 Bxh2 21. Nf4 Bxf4 22. Qxf4 Nb6 23. Qe5 Qg6 24. e4 Nd7 25. Qf4 Nf6 26. Ne5 Qh5 27. f3 Rb5 28. Nc6 Kh8 29. Kf2 Ra8 30. Rc3 Rc5 31. Qe3 Qh4+ 32. Kg1 Rh5 33. Rcc1 Qg3 34. Qf2 Rh1+ 0-1

[Event "Nakhchivan op"]
[Site "Nakhchivan"]
[Date "2019.05.07"]
[Round "6"]
[White "Sanikidze, Tornike"]
[Black "Demianjuk, Alexander"]
[Result "1/2-1/2"]
[WhiteElo "2498"]
[BlackElo "2338"]
[PlyCount "152"]
[EventDate "2019.05.01"]
[EventType "swiss"]
[EventRounds "9"]
[EventCountry "AZE"]
[SourceTitle "CBM 190 Extra"]
[Source "ChessBase"]
[SourceDate "2019.07.15"]
[SourceVersion "1"]
[SourceVersionDate "2019.07.15"]
[SourceQuality "1"]

1. d4 Nf6 2. Bf4 d5 3. e3 c5 4. c3 Nc6 5. Nd2 e6 6. Ngf3 cxd4 7. exd4 Nh5 8. Be3 Bd6 9. Ne5 g6 10. Bb5 Qc7 11. Qa4 0-0 12. Nxc6 bxc6 13. Bxc6 Rb8 14. Bb5 a6 15. Be2 Rxb2 16. Bxh5 gxh5 17. Qd1 f5 18. g3 Qxc3 19. 0-0 f4 20. gxf4 Bd7 21. Kh1 Be8 22. f5 Rxf5 23. Rc1 Qd3 24. Rc8 Kf7 25. Rg1 Rxa2 26. Ra8 Rxd2 27. Ra7+ Kf6 28. Qxd2 Qxd2 29. Bxd2 Rxf2 30. Rg2 Rf1+ 31. Rg1 Rf2 32. Rg2 Rxg2 33. Kxg2 Bb5 34. Rxh7 Be2 35. Kf2 Bg4 36. Kg2 Kf5 37. h3 Bd1 38. Rd7 Bb8 39. Rb7 Bd6 40. Rb6 Be7 41. Rxa6 Bc2 42. Kg3 h4+ 43. Kf2 Bd3 44. Ra7 Bd6 45. Ke3 Be4 46. Rh7 Bg3 47. Rf7+ Kg6 48. Rf1 Bg2 49. Rg1 Bxh3 50. Be1 Bf5 51. Bxg3 hxg3 52. Rxg3+ Kf6 53. Kf4 Be4 54. Rh3 Bf5 55. Rh6+ Kg7 56. Kg5 Kf7 57. Rh2 Ke7 58. Ra2 Bh3 59. Ra7+ Ke8 60. Kf6 Bf5 61. Ra8+ Kd7 62. Rg8 Bh3 63. Rg7+ Kd8 64. Ke5 Bf5 65. Kd6 Ke8 66. Ra7 Bg4 67. Re7+ Kf8 68. Ra7 Bf5 69. Ke5 Ke8 70. Rb7 Bg4 71. Kf6 Bf5 72. Rc7 Kd8 73. Re7 Bg4 74. Rxe6 Bxe6 75. Kxe6 Ke8 76. Kxd5 Kd7 1/2-1/2

[Event "Moscow Aeroflot op-B 18th"]
[Site "Moscow"]
[Date "2019.02.24"]
[Round "6"]
[White "Vaganian, Rafael A"]
[Black "Demianjuk, Alexander"]
[Result "1-0"]
[WhiteElo "2546"]
[BlackElo "2360"]
[PlyCount "39"]
[EventDate "2019.02.20"]
[EventType "swiss"]
[EventRounds "9"]
[EventCountry "RUS"]
[SourceTitle "CBM 189 Extra"]
[Source "ChessBase"]
[SourceDate "2019.05.31"]
[SourceVersion "1"]
[SourceVersionDate "2019.05.31"]
[SourceQuality "1"]

1. Nf3 Nf6 2. c4 g6 3. Nc3 Bg7 4. g3 0-0 5. Bg2 d6 6. 0-0 e5 7. d4 Nbd7 8. e3 Re8 9. a4 a5 10. b3 exd4 11. exd4 d5 12. Nb5 c6 13. Nd6 Rf8 14. Ba3 c5 15. dxc5 Ne4 16. Rc1 Nexc5 17. Qxd5 Qb6 18. Ng5 h6 19. Ngxf7 Kh7 20. Rce1 1-0

[Event "Moscow Aeroflot op-B 18th"]
[Site "Moscow"]
[Date "2019.02.20"]
[Round "1"]
[White "Demianjuk, Alexander"]
[Black "Bogdanovich, Stanislav"]
[Result "0-1"]
[WhiteElo "2360"]
[BlackElo "2536"]
[PlyCount "86"]
[EventDate "2019.02.20"]
[EventType "swiss"]
[EventRounds "9"]
[EventCountry "RUS"]
[SourceTitle "CBM 189 Extra"]
[Source "ChessBase"]
[SourceDate "2019.05.31"]
[SourceVersion "1"]
[SourceVersionDate "2019.05.31"]
[SourceQuality "1"]

1. d4 Nf6 2. c4 g6 3. Nf3 Bg7 4. g3 0-0 5. Bg2 a6 6. Nc3 c6 7. 0-0 b5 8. cxb5 axb5 9. b4 d6 10. Bb2 Nbd7 11. Nd2 d5 12. e4 Nb6 13. e5 Ne8 14. a4 bxa4 15. Nxa4 Nxa4 16. Rxa4 Ba6 17. Re1 Bb5 18. Rxa8 Qxa8 19. Qa1 Nc7 20. Nb3 Qc8 21. Nc5 Qf5 22. Qb1 Qxb1 23. Rxb1 Ra8 24. Ra1 Rxa1+ 25. Bxa1 Bh6 26. f4 g5 27. Bc3 gxf4 28. Bd2 Bc4 29. gxf4 Nb5 30. Be3 Na3 31. e6 Nc2 32. Kf2 Bg7 33. Nd7 Bxd4 34. exf7+ Kxf7 35. Bxd4 Nxd4 36. Ne5+ Ke6 37. Ke3 Nc2+ 38. Kd2 Nxb4 39. Kc3 c5 40. Nxc4 dxc4 41. Kxc4 Kd6 42. Be4 h6 43. Bf3 e6 0-1

[Event "Sitges Sunway op-A 5th"]
[Site "Sitges"]
[Date "2018.12.23"]
[Round "10"]
[White "Pogonina, Natalija"]
[Black "Demianjuk, Alexander"]
[Result "1/2-1/2"]
[WhiteElo "2465"]
[BlackElo "2344"]
[PlyCount "44"]
[EventDate "2018.12.14"]
[EventType "swiss"]
[EventRounds "10"]
[EventCountry "ESP"]
[SourceTitle "CBM 187 Extra"]
[Source "ChessBase"]
[SourceDate "2018.11.04"]
[SourceVersion "1"]
[SourceVersionDate "2018.11.04"]
[SourceQuality "1"]

1. d4 Nf6 2. c4 e6 3. Nf3 d5 4. g3 Bb4+ 5. Nbd2 dxc4 6. Bg2 b5 7. a4 c6 8. 0-0 0-0 9. b3 c3 10. Nb1 a5 11. Qc2 bxa4 12. bxa4 c5 13. dxc5 Bb7 14. Nxc3 Nbd7 15. Bf4 Nxc5 16. Rfd1 Qc8 17. Nb5 Nce4 18. Qxc8 Raxc8 19. Ng5 Bd5 20. Nxe4 Nxe4 21. Bxe4 Bxe4 22. Nd6 Bxd6 1/2-1/2

[Event "Sitges Sunway op-A 5th"]
[Site "Sitges"]
[Date "2018.12.22"]
[Round "9"]
[White "Demianjuk, Alexander"]
[Black "Gukesh, Dommaraju"]
[Result "1/2-1/2"]
[WhiteElo "2344"]
[BlackElo "2466"]
[PlyCount "140"]
[EventDate "2018.12.14"]
[EventType "swiss"]
[EventRounds "10"]
[EventCountry "ESP"]
[SourceTitle "CBM 187 Extra"]
[Source "ChessBase"]
[SourceDate "2018.11.04"]
[SourceVersion "1"]
[SourceVersionDate "2018.11.04"]
[SourceQuality "1"]

1. e4 c5 2. Nf3 Nc6 3. Bb5 g6 4. Bxc6 dxc6 5. d3 Bg7 6. h3 Nf6 7. Nc3 Nd7 8. Be3 e5 9. 0-0 b6 10. Nh2 Nf8 11. f4 exf4 12. Bxf4 Ne6 13. Bg3 Nd4 14. Qd2 Be6 15. Nd1 Nb5 16. c3 0-0 17. Nf2 Qd7 18. Nfg4 Bxg4 19. Nxg4 f6 20. a4 Nd6 21. Rae1 Rad8 22. Qc2 h5 23. Nh2 Nf7 24. Rd1 Ng5 25. Nf3 Nxf3+ 26. Rxf3 Qe6 27. Rdf1 Rfe8 28. c4 Rf8 29. b3 Rf7 30. Be1 Bf8 31. Bc3 Be7 32. Qf2 Rdf8 33. Qg3 Kh7 34. Qf4 Bd6 35. e5 Bc7 36. g4 f5 37. gxh5 g5 38. Qe3 Re7 39. Kh1 f4 40. Qe4+ Qf5 41. h4 Qxe4 42. dxe4 Bxe5 43. hxg5 Bxc3 44. Rxc3 Rxe4 45. Rg3 Kg7 46. Rg4 a6 47. Rf3 b5 48. axb5 cxb5 49. cxb5 axb5 50. Kg2 Rd4 51. Kh3 c4 52. bxc4 bxc4 53. Kh4 Rf5 54. Ra3 Rd7 55. h6+ Kh7 56. Ra6 Rf8 57. g6+ Kg8 58. g7 Rc8 59. Rxf4 Rf7 60. Rxf7 Kxf7 61. Ra7+ Kg8 62. Ra6 c3 63. Kh5 Kf7 64. Ra7+ Kg8 65. Ra6 Kf7 66. Ra1 c2 67. Rf1+ Kg8 68. Rc1 Kh7 69. Kg5 Rc6 70. Kf5 Rxh6 1/2-1/2

[Event "Chigorin Memorial 26th"]
[Site "St Petersburg"]
[Date "2018.11.04"]
[Round "9"]
[White "Demianjuk, Alexander"]
[Black "Eynullayev, Altay Elshan"]
[Result "1-0"]
[WhiteElo "2332"]
[BlackElo "2180"]
[PlyCount "63"]
[EventDate "2018.10.27"]
[EventType "swiss"]
[EventRounds "9"]
[EventCountry "RUS"]
[SourceTitle "CBM 187 Extra"]
[Source "ChessBase"]
[SourceDate "2018.11.04"]
[SourceVersion "1"]
[SourceVersionDate "2018.11.04"]
[SourceQuality "1"]

1. e4 c5 2. Nf3 d6 3. d4 cxd4 4. Qxd4 Nc6 5. Bb5 a6 6. Bxc6+ bxc6 7. 0-0 e5 8. Qe3 Be7 9. c4 Qc7 10. b3 Nf6 11. Bb2 0-0 12. c5 Be6 13. Nbd2 Nd7 14. cxd6 Bxd6 15. Ng5 Bg4 16. Qg3 Bh5 17. Nc4 Rfe8 18. Nxh7 Kxh7 19. Qh3 Nf6 20. g4 g6 21. gxh5 Nxh5 22. Kh1 Kg8 23. f4 exf4 24. Rg1 Kh7 25. Rg5 Kh6 26. Rxh5+ gxh5 27. Qf5 Rg8 28. Rd1 Rad8 29. Rxd6+ Rxd6 30. Qxf4+ Kh7 31. Nxd6 Rg4 32. Qf5+ 1-0

[Event "Chigorin Memorial 26th"]
[Site "St Petersburg"]
[Date "2018.11.02"]
[Round "7"]
[White "Demianjuk, Alexander"]
[Black "Zabolotnov, Evgeny"]
[Result "1-0"]
[WhiteElo "2332"]
[BlackElo "2064"]
[PlyCount "115"]
[EventDate "2018.10.27"]
[EventType "swiss"]
[EventRounds "9"]
[EventCountry "RUS"]
[SourceTitle "CBM 187 Extra"]
[Source "ChessBase"]
[SourceDate "2018.11.04"]
[SourceVersion "1"]
[SourceVersionDate "2018.11.04"]
[SourceQuality "1"]

1. e4 c5 2. Nf3 Nc6 3. Bb5 d6 4. 0-0 Bd7 5. Re1 Nf6 6. c3 a6 7. Bf1 Bg4 8. h3 Bxf3 9. Qxf3 g6 10. d3 Bg7 11. Qd1 0-0 12. Nd2 b5 13. Nf3 b4 14. Qa4 Qd7 15. Qc2 Rfc8 16. Be3 Qb7 17. a3 a5 18. Rab1 Rab8 19. Nd2 Nd7 20. Rec1 Qa7 21. Nf3 Nde5 22. Nxe5 Bxe5 23. axb4 axb4 24. Ra1 Qd7 25. Qd2 Bg7 26. d4 bxc3 27. bxc3 cxd4 28. cxd4 d5 29. e5 e6 30. Ba6 Rd8 31. Bg5 Re8 32. Rc5 h6 33. Bf6 Ne7 34. Rac1 Qa4 35. Be2 Nf5 36. Rd1 Rec8 37. g4 Rxc5 38. dxc5 Nh4 39. Bxh4 Bxe5 40. Qxh6 Rb2 41. Qe3 Bf4 42. Qf3 Rb3 43. Rd3 Qa1+ 44. Kg2 Rb1 45. Qxf4 Rg1+ 46. Kf3 e5 47. Qf6 e4+ 48. Kf4 Qxf6+ 49. Bxf6 exd3 50. Bxd3 Rc1 51. Be7 Re1 52. Bd6 Re6 53. Bb5 d4 54. c6 g5+ 55. Kg3 Re8 56. c7 Rc8 57. Bd7 d3 58. Bxc8 1-0

[Event "Chigorin Memorial 26th"]
[Site "St Petersburg"]
[Date "2018.10.28"]
[Round "2"]
[White "Demianjuk, Alexander"]
[Black "Kamsky, Gata"]
[Result "1/2-1/2"]
[WhiteElo "2332"]
[BlackElo "2666"]
[PlyCount "80"]
[EventDate "2018.10.27"]
[EventType "swiss"]
[EventRounds "9"]
[EventCountry "RUS"]
[SourceTitle "CBM 187 Extra"]
[Source "ChessBase"]
[SourceDate "2018.11.04"]
[SourceVersion "1"]
[SourceVersionDate "2018.11.04"]
[SourceQuality "1"]

1. e4 e5 2. Nf3 Nc6 3. Nc3 Nf6 4. Bb5 Bb4 5. 0-0 0-0 6. d3 Bxc3 7. bxc3 d6 8. Re1 Bd7 9. h3 Na5 10. Bxd7 Nxd7 11. Nh2 Nc6 12. Qg4 Qe7 13. Nf1 Qe6 14. Ne3 Qxg4 15. hxg4 f6 16. f3 Ne7 17. Kf2 Kf7 18. Rh1 h6 19. Bd2 Nc5 20. d4 Ne6 21. d5 Nc5 22. c4 a5 23. Rab1 b6 24. Ke2 Rh8 25. Rh2 Nd7 26. Rbh1 Rac8 27. Bc1 Rh7 28. g3 Rch8 29. Nd1 g5 30. Nc3 Ke8 31. Nb5 Kd8 32. Ba3 Nc8 33. Rh5 Nf8 34. Rd1 Kd7 35. Ke3 Ng6 36. Ke2 Rg8 37. Rdh1 Rgh8 38. Rd1 Rg8 39. Rdh1 Rgh8 40. Rd1 Rg8 1/2-1/2

[Event "Voronezh op-A 22nd"]
[Site "Voronezh"]
[Date "2018.06.21"]
[Round "9"]
[White "Dzhumaev, Marat"]
[Black "Demianjuk, Alexander"]
[Result "1-0"]
[WhiteElo "2434"]
[BlackElo "2346"]
[PlyCount "105"]
[EventDate "2018.06.12"]
[EventType "swiss"]
[EventRounds "9"]
[EventCountry "RUS"]
[SourceTitle "CBM 185 Extra"]
[Source "ChessBase"]
[SourceDate "2018.07.29"]
[SourceVersion "1"]
[SourceVersionDate "2018.07.29"]
[SourceQuality "1"]

1. e4 c5 2. Nf3 d6 3. d4 cxd4 4. Nxd4 Nf6 5. Nc3 Nc6 6. Bc4 Qb6 7. Nb3 e6 8. 0-0 Be7 9. a4 0-0 10. a5 Qc7 11. Be2 Bd7 12. f4 Rfd8 13. Bf3 Nb4 14. Qe2 e5 15. Be3 Be6 16. Qf2 Bxb3 17. cxb3 Nd3 18. Qd2 Nxf4 19. Bxf4 exf4 20. Qxf4 Qc5+ 21. Kh1 Qb4 22. Be2 Qxb3 23. Nd5 Nxd5 24. Qxf7+ Kh8 25. exd5 Qe3 26. Qe6 Qxe6 27. dxe6 Bf6 28. Bb5 Rac8 29. Rae1 Kg8 30. e7 Re8 31. Bxe8 Rxe8 32. Rf3 Bxb2 33. Rb3 Be5 34. Rxb7 Bc3 35. Reb1 Bxa5 36. Rb8 Kf7 37. Rf1+ Kxe7 38. Rb7+ Ke6 39. Rxg7 Re7 40. Rxe7+ Kxe7 41. Rf3 Bd2 42. Rd3 Bb4 43. Rh3 a5 44. Rxh7+ Ke6 45. Ra7 Kf5 46. g3 Ke4 47. Kg2 d5 48. g4 d4 49. g5 Kf5 50. h4 Be1 51. Rf7+ Ke6 52. Rf4 d3 53. Re4+ 1-0

[Event "Voronezh op-A 22nd"]
[Site "Voronezh"]
[Date "2018.06.20"]
[Round "8"]
[White "Demianjuk, Alexander"]
[Black "Mammadzada, Gunay Vuqar Qizi"]
[Result "1-0"]
[WhiteElo "2346"]
[BlackElo "2442"]
[PlyCount "75"]
[EventDate "2018.06.12"]
[EventType "swiss"]
[EventRounds "9"]
[EventCountry "RUS"]
[SourceTitle "CBM 185 Extra"]
[Source "ChessBase"]
[SourceDate "2018.07.29"]
[SourceVersion "1"]
[SourceVersionDate "2018.07.29"]
[SourceQuality "1"]

1. e4 c5 2. Nf3 d6 3. d4 cxd4 4. Nxd4 Nf6 5. Nc3 a6 6. Be2 e6 7. Be3 Nbd7 8. a4 b6 9. Qd2 Bb7 10. f3 Be7 11. g4 g6 12. 0-0-0 Nc5 13. h4 Qd7 14. h5 0-0-0 15. Nb3 Qc7 16. hxg6 fxg6 17. Nxc5 dxc5 18. Qe1 c4 19. Rxd8+ Rxd8 20. Qf2 Nd7 21. Rxh7 Bb4 22. Bg5 Rf8 23. Qd4 b5 24. axb5 Bxc3 25. Qxc3 axb5 26. Qb4 Qe5 27. Be7 Re8 28. Bd6 Qd4 29. Qd2 Qg1+ 30. Bd1 Qa7 31. Kb1 Bc6 32. e5 Kb7 33. Rxd7+ Bxd7 34. Bc5 Qa8 35. Qxd7+ Ka6 36. Qd6+ Kb7 37. f4 Kc8 38. Bb6 1-0

[Event "Voronezh op-A 22nd"]
[Site "Voronezh"]
[Date "2018.06.12"]
[Round "1"]
[White "Demianjuk, Alexander"]
[Black "Popov, Ivan1"]
[Result "0-1"]
[WhiteElo "2346"]
[BlackElo "2608"]
[PlyCount "72"]
[EventDate "2018.06.12"]
[EventType "swiss"]
[EventRounds "9"]
[EventCountry "RUS"]
[SourceTitle "CBM 185 Extra"]
[Source "ChessBase"]
[SourceDate "2018.07.29"]
[SourceVersion "1"]
[SourceVersionDate "2018.07.29"]
[SourceQuality "1"]

1. e4 c5 2. Nf3 d6 3. d4 cxd4 4. Nxd4 Nf6 5. Nc3 a6 6. Be3 Ng4 7. Bc1 Nf6 8. Be3 e6 9. Be2 Qc7 10. g4 d5 11. exd5 Bb4 12. dxe6 Bxc3+ 13. bxc3 Qxc3+ 14. Kf1 fxe6 15. Rb1 0-0 16. Qd3 Qc7 17. c4 Nbd7 18. g5 Nc5 19. Qc2 Nfe4 20. Nf3 e5 21. Kg2 Bf5 22. Qb2 Rae8 23. Nh4 Nxf2 24. Nxf5 Rxf5 25. Qb6 Qxb6 26. Rxb6 Nfd3 27. Bxd3 Nxd3 28. Rxb7 Nf4+ 29. Kf3 e4+ 30. Kg4 Ref8 31. Rf1 Ng2 32. Bd4 Ne3+ 33. Bxe3 Rxf1 34. c5 R8f3 35. c6 Rxe3 36. Rd7 Rc3 0-1

[Event "EU-ch 19th"]
[Site "Batumi"]
[Date "2018.03.25"]
[Round "8"]
[White "Demianjuk, Alexander"]
[Black "Eynullayev, Altay Elshan"]
[Result "1-0"]
[WhiteElo "2313"]
[BlackElo "2163"]
[PlyCount "65"]
[EventDate "2018.03.17"]
[EventType "swiss"]
[EventRounds "11"]
[EventCountry "GEO"]
[SourceTitle "CBM 184"]
[Source "ChessBase"]
[SourceDate "2018.05.16"]
[SourceVersion "1"]
[SourceVersionDate "2018.05.16"]
[SourceQuality "1"]

1. d4 Nf6 2. Nf3 e6 3. c4 c5 4. d5 exd5 5. cxd5 d6 6. Nc3 g6 7. Nd2 Nbd7 8. e4 Bg7 9. Be2 0-0 10. 0-0 Re8 11. Re1 Ne5 12. h3 g5 13. Nf1 h6 14. a4 a6 15. a5 Rb8 16. Ng3 b5 17. axb6 Rxb6 18. Qc2 Ng6 19. Nd1 Nf4 20. Ne3 Nxe2+ 21. Rxe2 Rb5 22. Nc4 Qe7 23. Bd2 g4 24. h4 Nh7 25. Bc3 Be5 26. Nf5 Bxf5 27. exf5 f6 28. Rxa6 Rd8 29. Qe4 h5 30. f4 gxf3 31. Qxf3 Qf7 32. Bxe5 dxe5 33. Nd6 1-0

[Event "EU-ch 19th"]
[Site "Batumi"]
[Date "2018.03.24"]
[Round "7"]
[White "Golubov, Saveliy"]
[Black "Demianjuk, Alexander"]
[Result "1-0"]
[WhiteElo "2495"]
[BlackElo "2313"]
[PlyCount "79"]
[EventDate "2018.03.17"]
[EventType "swiss"]
[EventRounds "11"]
[EventCountry "GEO"]
[SourceTitle "CBM 184"]
[Source "ChessBase"]
[SourceDate "2018.05.16"]
[SourceVersion "1"]
[SourceVersionDate "2018.05.16"]
[SourceQuality "1"]

1. c4 e5 2. Nc3 Nf6 3. g3 Bb4 4. Bg2 0-0 5. a3 Bxc3 6. bxc3 Nc6 7. e4 d6 8. Ne2 Be6 9. d3 Nd7 10. 0-0 f5 11. exf5 Bxf5 12. h3 h5 13. f4 Qe8 14. fxe5 dxe5 15. d4 Bh7 16. Rxf8+ Nxf8 17. d5 Na5 18. d6 Kh8 19. c5 Qb5 20. Be3 c6 21. Ra2 Nd7 22. Nc1 Nc4 23. Bf2 Nxc5 24. a4 Qa5 25. Qxh5 Nxd6 26. Qxe5 Nb3 27. Qxd6 Nxc1 28. Rd2 Nb3 29. Rd1 Qxc3 30. Qe7 b6 31. Rd6 Na5 32. Bd4 Qc1+ 33. Kh2 Rg8 34. Rd7 Qh6 35. g4 Qf4+ 36. Kg1 Qc1+ 37. Bf1 Qh6 38. g5 Qg6 39. Bd3 Re8 40. Rd8 1-0

[Event "Moscow Aeroflot op-B 17th"]
[Site "Moscow"]
[Date "2018.02.27"]
[Round "8"]
[White "Arslanov, Shamil"]
[Black "Demianjuk, Alexander"]
[Result "1-0"]
[WhiteElo "2395"]
[BlackElo "2333"]
[PlyCount "67"]
[EventDate "2018.02.20"]
[EventType "swiss"]
[EventRounds "9"]
[EventCountry "RUS"]
[SourceTitle "CBM 183 Extra"]
[Source "ChessBase"]
[SourceDate "2018.04.19"]
[SourceVersion "1"]
[SourceVersionDate "2018.04.19"]
[SourceQuality "1"]

1. d4 Nf6 2. Nf3 g6 3. c4 Bg7 4. g3 0-0 5. Bg2 d6 6. 0-0 Nbd7 7. b3 e5 8. Bb2 Re8 9. dxe5 Ng4 10. Nc3 Ngxe5 11. Qc2 Nxf3+ 12. exf3 Nf6 13. Rad1 Qe7 14. Qc1 Be6 15. Qa1 Nh5 16. f4 c6 17. Rfe1 Qf8 18. Ba3 Rad8 19. Qc1 Bg4 20. Rxe8 Qxe8 21. Rxd6 Rxd6 22. Bxd6 Qe6 23. Ba3 Bh3 24. Qd2 h6 25. Bxh3 Qxh3 26. Ne4 Qe6 27. Qd8+ Kh7 28. Qe7 Qf5 29. Bc5 b6 30. Be3 Kg8 31. Nd6 Qb1+ 32. Kg2 Qxa2 33. Qxf7+ Kh7 34. f5 1-0

[Event "Moscow op-A 14th"]
[Site "Moscow"]
[Date "2018.02.01"]
[Round "6"]
[White "Demianjuk, Alexander"]
[Black "Makoveev, Ilya"]
[Result "1/2-1/2"]
[WhiteElo "2333"]
[BlackElo "2196"]
[PlyCount "98"]
[EventDate "2018.01.27"]
[EventType "swiss"]
[EventRounds "9"]
[EventCountry "RUS"]
[SourceTitle "CBM 182 Extra"]
[Source "ChessBase"]
[SourceDate "2018.02.23"]
[SourceVersion "1"]
[SourceVersionDate "2018.02.23"]
[SourceQuality "1"]

1. c4 Nf6 2. Nc3 d5 3. cxd5 Nxd5 4. g3 g6 5. Bg2 Nxc3 6. bxc3 Bg7 7. Rb1 c6 8. Nf3 0-0 9. 0-0 e5 10. d3 Nd7 11. Ba3 Re8 12. Qb3 Bf8 13. Bxf8 Nxf8 14. h4 Qc7 15. Ng5 Kg7 16. a4 h6 17. Nf3 b6 18. a5 Rb8 19. c4 c5 20. axb6 axb6 21. Qc3 f6 22. Ra1 Bd7 23. Ra2 Bc6 24. Rfa1 Ra8 25. Ne1 Rxa2 26. Rxa2 Re7 27. Nc2 Bxg2 28. Kxg2 Qb7+ 29. f3 Ne6 30. Ne3 Nc7 31. h5 Rd7 32. Qa3 gxh5 33. Qc1 Kg6 34. Qh1 Rf7 35. Qh4 Ne6 36. Ra1 f5 37. Nd5 b5 38. e4 Ng7 39. Rb1 b4 40. exf5+ Nxf5 41. Qe4 Qa6 42. Re1 Kh7 43. Qxe5 Qg6 44. Kh3 Qg5 45. Ra1 Nd4 46. Qe4+ Kg7 47. Nf4 Re7 48. Qd5 Qxd5 49. Nxd5 Rb7 1/2-1/2